| 000 | 00472nam a2200157Ia 4500 | ||
|---|---|---|---|
| 999 |
_c31801 _d31801 |
||
| 008 | 250310s9999||||xx |||||||||||||| ||und|| | ||
| 020 | _a81-291-0897-6 | ||
| 041 | _ahin | ||
| 082 |
_a294.57 _bA533 |
||
| 100 |
_96382 _aGurumaa Anandmurti |
||
| 245 | 0 |
_aShivoham / _cBy Gurumaa Anandmurti. |
|
| 245 | 0 |
_aशिवोहम / _cगुरुमा आनंदमूर्ति। |
|
| 260 |
_aNew Delhi : _bRupa and company, _c2006. |
||
| 300 | _a502 p. | ||
| 942 |
_cBK _2ddc |
||